| 000 | 00453nam a2200181Ia 4500 | ||
|---|---|---|---|
| 001 | 3585 | ||
| 005 | 20260306145654.0 | ||
| 008 | 260306t2009||||xx |||||||||||||| ||spa|| | ||
| 041 | _aESP | ||
| 082 |
_a291.2 _bM14 |
||
| 100 |
_aMadrigal, Santiago (ed) _eAUT |
||
| 245 | 0 |
_aEl pensamiento de de Joseph Ratzinger: _bteólogo y Papa |
|
| 260 | _c2009 | ||
| 300 |
_a319 páginas : _c21 cm. |
||
| 650 | _aGEN | ||
| 654 | _aCHU | ||
| 942 |
_cLIB _dJUS _fJUS _2ddc _n |
||
| 999 |
_c3585 _d3585 |
||